[Event "II Festival A"]
[Site "Cortina d'Ampezzo ITA"]
[Date "2004.07.12"]
[Round "2"]
[White "Boscolo, Marco"]
[Black "Fontana, Enrico"]
[Result "1/2-1/2"]
[WhiteElo "1898"]
[BlackElo "2056"]
[PlyCount "115"]
[EventDate "2004.07.11"]

1. e4 c5 2. Nf3 d6 3. d4 cxd4 4. Nxd4 Nf6 5. Nc3 a6 6. Be3 e6 7. f3 Be7 8. Qd2
O-O 9. O-O-O Qc7 10. g4 Nc6 11. g5 Nd7 12. f4 Nxd4 13. Bxd4 b5 14. Bd3 Bb7 15.
Ne2 e5 16. Be3 exf4 17. Bxf4 Ne5 18. Ng3 Rfe8 19. Kb1 Bf8 20. Nh5 Qc5 21. Be3
Nc4 22. Bxc5 Nxd2+ 23. Rxd2 dxc5 24. Ng3 Rad8 25. Rf2 c4 26. Be2 Bd6 27. Rhf1
Bxg3 28. hxg3 Bxe4 29. Kc1 Bg6 30. Bg4 Re5 31. Bf5 Bxf5 32. Rxf5 Rxf5 33. Rxf5
Rd6 34. Rc5 g6 35. a4 bxa4 36. Rxc4 Rd5 37. Rg4 Kf8 38. c4 Ra5 39. Kc2 a3 40.
bxa3 Rxa3 41. Re4 Rxg3 42. Re5 f6 43. gxf6 Kf7 44. Re7+ Kxf6 45. Rxh7 Ke5 46.
Ra7 Ra3 47. Kb2 Ra5 48. Kb3 g5 49. Kb4 Ra1 50. Kc5 g4 51. Rg7 Kf4 52. Kb6 g3
53. c5 Kf3 54. c6 Rc1 55. c7 g2 56. Rf7+ Ke2 57. Rg7 Kf2 58. Rf7+ 1/2-1/2

[Event "II Festival A"]
[Site "Cortina d'Ampezzo ITA"]
[Date "2004.07.12"]
[Round "2"]
[White "Cardili, Mariano"]
[Black "Ambrosi, Eleonora"]
[Result "0-1"]
[WhiteElo "1997"]
[BlackElo "2118"]
[PlyCount "48"]
[EventDate "2004.07.11"]

1. d4 d5 2. c4 Nc6 3. Nc3 Nf6 4. cxd5 Nxd5 5. e4 Nxc3 6. bxc3 e5 7. Bb5 exd4 8.
Bxc6+ bxc6 9. cxd4 Bb4+ 10. Kf1 Bc3 11. Ba3 Ba6+ 12. Ne2 Bxd4 13. Rc1 Qf6 14.
f3 Rd8 15. Qc2 Bb5 16. Ke1 Be3 17. Rd1 Qe5 18. Rxd8+ Kxd8 19. Bb2 Qd6 20. Ng3
Ba4 21. e5 Bxc2 22. exd6 cxd6 23. Ke2 Re8 24. Bc3 d5 0-1

[Event "II Festival A"]
[Site "Cortina d'Ampezzo ITA"]
[Date "2004.07.12"]
[Round "2"]
[White "Cavatorta, Fosco"]
[Black "Rocchetti, Marco"]
[Result "1-0"]
[WhiteElo "2057"]
[BlackElo "1978"]
[PlyCount "111"]
[EventDate "2004.07.11"]

1. Nf3 d6 2. e4 e5 3. c3 Nf6 4. d3 g6 5. g3 Bg7 6. Bg2 O-O 7. O-O Nc6 8. Re1
Bg4 9. h3 Bd7 10. d4 Qc8 11. Kh2 Rb8 12. Be3 b6 13. Nbd2 Re8 14. a3 h6 15. b4
g5 16. g4 Nh7 17. d5 Ne7 18. Nf1 Ng6 19. Ng3 Nf4 20. c4 h5 21. Nxh5 Nxh5 22.
gxh5 g4 23. Ng1 gxh3 24. Bxh3 Kh8 25. Qf3 Bf6 26. Bxd7 Qxd7 27. Qh3 Qe7 28. Nf3
Rg8 29. Rg1 Ng5 30. Nxg5 Bxg5 31. Rxg5 Rxg5 32. Bxg5 Qxg5 33. Rg1 Qf4+ 34. Qg3
Qh6 35. Qg5 Qxg5 36. Rxg5 Kh7 37. Kh3 Ra8 38. Rf5 Kg7 39. Kg4 a5 40. b5 Rh8 41.
f4 f6 42. fxe5 fxe5 43. Rg5+ Kh7 44. h6 Kxh6 45. Rh5+ Kg7 46. Rxh8 Kxh8 47. Kf5
Kg7 48. Ke6 Kg6 49. Kd7 Kg5 50. Kxc7 Kf4 51. Kxd6 Kxe4 52. Kc6 Kf3 53. d6 e4
54. d7 e3 55. d8=Q e2 56. Qd2 1-0

[Event "II Festival A"]
[Site "Cortina d'Ampezzo ITA"]
[Date "2004.07.12"]
[Round "2"]
[White "Cetro, Carlo"]
[Black "Belloni, Umberto"]
[Result "0-1"]
[WhiteElo "2042"]
[BlackElo "1955"]
[PlyCount "162"]
[EventDate "2004.07.11"]

1. c4 e5 2. g3 c5 3. Nc3 Nc6 4. Bg2 f5 5. d3 d6 6. Nf3 Be7 7. h4 h6 8. a3 a5 9.
Rb1 Bd7 10. e3 Nf6 11. h5 Rb8 12. Nh4 O-O 13. Ng6 Re8 14. Nd5 Bf8 15. Nc3 Ne7
16. Bd5+ Nfxd5 17. cxd5 Nxg6 18. hxg6 Qg5 19. Qh5 Qxh5 20. Rxh5 Be7 21. e4 Rf8
22. b4 cxb4 23. axb4 fxe4 24. Nxe4 axb4 25. Rxb4 b5 26. f4 Bf5 27. fxe5 dxe5
28. Rb2 Bxg6 29. Rxe5 Bxe4 30. Rxe4 Bf6 31. Rb3 Rfd8 32. Bf4 Rb7 33. d6 g5 34.
Be5 Bxe5 35. Rxe5 Rxd6 36. Ke2 b4 37. Re4 Rdb6 38. g4 Kf7 39. Kf3 Kg6 40. Ke3
h5 41. gxh5+ Kxh5 42. Kf3 Rb5 43. Rg4 Kg6 44. Ke3 Kf5 45. Kf3 Ke6 46. Re4+ Kf5
47. Rg4 R7b6 48. Re4 Rd5 49. Rg4 Rbd6 50. Rgxb4 Rxd3+ 51. Rxd3 Rxd3+ 52. Kf2
Ra3 53. Kg2 Kg6 54. Rb8 Kh5 55. Rb5 Kh4 56. Rb8 Ra2+ 57. Kf3 g4+ 58. Kf4 Ra4+
59. Ke3 Kg3 60. Rg8 Kg2 61. Rb8 Ra2 62. Kf4 g3 63. Rg8 Rf2+ 64. Ke3 Rf7 65. Ke2
Re7+ 66. Kd2 Kh2 67. Rh8+ Kg2 68. Rg8 Rh7 69. Ke3 Rh3 70. Ra8 Kh2 71. Rg8 Rh7
72. Kf3 Rf7+ 73. Ke2 Kg2 74. Ke1 Re7+ 75. Kd2 Kh2 76. Rh8+ Kg1 77. Rg8 g2 78.
Kd1 Re5 79. Kd2 Rh5 80. Ke2 Kh1 81. Kf2 Rf5+ 0-1

[Event "II Festival A"]
[Site "Cortina d'Ampezzo ITA"]
[Date "2004.07.12"]
[Round "2"]
[White "D'Apa, Matteo"]
[Black "Cacco, Christian"]
[Result "0-1"]
[WhiteElo "1939"]
[BlackElo "2282"]
[PlyCount "64"]
[EventDate "2004.07.11"]

1. d4 Nf6 2. c4 c5 3. d5 e6 4. Nc3 exd5 5. cxd5 d6 6. e4 g6 7. Bd3 Bg7 8. Nge2
O-O 9. O-O Nbd7 10. f4 a6 11. a4 Qa5 12. Bd2 c4 13. Bc2 Ng4 14. Kh1 Qb6 15. Qe1
Qxb2 16. Rc1 Qb6 17. Qg3 Ngf6 18. Be3 Qa5 19. Bd4 b5 20. axb5 axb5 21. Ra1 Qxa1
22. Rxa1 Rxa1+ 23. Nb1 Ra2 24. Qc3 Ba6 25. Nc1 b4 26. Qd2 Nxe4 27. Qd1 Bxd4 28.
Bxe4 Rf2 29. h3 Nc5 30. Bf3 Be3 31. Qe1 Re8 32. Be2 Rxf4 0-1

[Event "II Festival A"]
[Site "Cortina d'Ampezzo ITA"]
[Date "2004.07.12"]
[Round "2"]
[White "Dvirnyy, Danyyil"]
[Black "Tamburini, Lorenzo"]
[Result "0-1"]
[WhiteElo "1968"]
[BlackElo "2078"]
[PlyCount "104"]
[EventDate "2004.07.11"]

1. e4 e5 2. Bc4 Nf6 3. Nc3 Bb4 4. d3 d5 5. exd5 Nxd5 6. Bd2 Nxc3 7. bxc3 Bd6 8.
Nf3 Bg4 9. Rb1 Nd7 10. h3 Bf5 11. O-O Nb6 12. Bb3 O-O 13. Re1 Re8 14. Ng5 Rf8
15. Qf3 Qd7 16. g4 Bg6 17. Qxb7 a5 18. Bxf7+ Bxf7 19. Rxb6 Bc5 20. Qe4 Bxf2+
21. Kh2 g6 22. Rbb1 Bxa2 23. c4 Bxb1 24. Rxb1 Bc5 25. Rb5 Qd4 26. Qxd4 Bxd4 27.
Ne4 a4 28. c3 c6 29. Rb7 Bf2 30. Rb2 Bh4 31. Kg2 Rfb8 32. Ra2 Rb1 33. Kf3 a3
34. Bh6 Rb2 35. Ra1 a2 36. Nd2 g5 37. Ke2 Kf7 38. Kd1 Kg6 39. Kc1 Rb7 40. Bf8
Rxf8 41. Rxa2 Bg3 42. Kd1 Rfb8 43. Ra6 Rb6 44. Ra7 h5 45. Ne4 Rb1+ 46. Ke2
R8b2+ 47. Kf3 Bf4 48. gxh5+ Kxh5 49. d4 Rf1+ 50. Nf2 Rfxf2+ 51. Ke4 Rbe2+ 52.
Kf5 Bh2+ 0-1

[Event "II Festival A"]
[Site "Cortina d'Ampezzo ITA"]
[Date "2004.07.12"]
[Round "2"]
[White "Forno, Roberto"]
[Black "Papa, Angelo"]
[Result "0-1"]
[WhiteElo "2015"]
[BlackElo "1904"]
[PlyCount "66"]
[EventDate "2004.07.11"]

1. d4 d6 2. Nf3 Bg4 3. c4 Nd7 4. Bg5 g6 5. Nc3 Bxf3 6. gxf3 Bg7 7. Qd2 Ngf6 8.
e4 e5 9. d5 O-O 10. h4 h5 11. O-O-O a6 12. Kb1 Re8 13. Be2 Qe7 14. Rhg1 Kh7 15.
Rg2 Rab8 16. a4 Bf8 17. Rdg1 Bg7 18. Qe3 Qf8 19. b4 c6 20. Kc2 cxd5 21. exd5
Rbc8 22. Bd3 e4 23. fxe4 b5 24. axb5 axb5 25. Nxb5 Ne5 26. Bxf6 Bxf6 27. Qf4
Bg7 28. Be2 Nxc4 29. Kb3 Rxe4 30. Qxe4 Nd2+ 31. Ka2 Ra8+ 32. Na3 Rxa3+ 33. Kxa3
Qa8+ 0-1

[Event "II Festival A"]
[Site "Cortina d'Ampezzo ITA"]
[Date "2004.07.12"]
[Round "2"]
[White "Guido, Flavio"]
[Black "Poropat, Marijan"]
[Result "1-0"]
[WhiteElo "2338"]
[BlackElo "2126"]
[PlyCount "73"]
[EventDate "2004.07.11"]

1. e4 g6 2. d4 Bg7 3. Nc3 d6 4. Be3 a6 5. Qd2 b5 6. Bd3 Nd7 7. a4 b4 8. Nce2 c5
9. c3 bxc3 10. bxc3 Qa5 11. Nf3 cxd4 12. cxd4 Qxd2+ 13. Nxd2 Nc5 14. Bc2 a5 15.
Rb1 Na6 16. Bd3 Nb4 17. Bb5+ Kf8 18. O-O f5 19. f3 Nc2 20. Bf2 Bh6 21. Nc4 Nf6
22. Rb2 Nb4 23. Nxa5 Rxa5 24. Rxb4 Kg7 25. d5 fxe4 26. fxe4 Ng4 27. Bd4+ Ne5
28. Rc4 Ba6 29. Rc7 Bg5 30. Nf4 Kh6 31. Ne6 Bxb5 32. axb5 Bf6 33. Rb1 Rha8 34.
b6 Nd3 35. b7 Rb5 36. Rxb5 Bxd4+ 37. Kf1 1-0

[Event "II Festival A"]
[Site "Cortina d'Ampezzo ITA"]
[Date "2004.07.12"]
[Round "2"]
[White "Kostic, Vladimir G."]
[Black "Lain, Luigi"]
[Result "1-0"]
[WhiteElo "2390"]
[BlackElo "2243"]
[PlyCount "97"]
[EventDate "2004.07.11"]

1. e4 e5 2. Bc4 Nf6 3. d3 Bc5 4. Nf3 d6 5. h3 Be6 6. Bb3 h6 7. Nc3 Nc6 8. Be3
Bb6 9. Qd2 Qd7 10. O-O-O Ba5 11. Qe1 Bxb3 12. axb3 O-O-O 13. Bd2 Rhe8 14. Kb1
d5 15. Nxd5 Bxd2 16. Nxd2 Nxd5 17. exd5 Qxd5 18. Qe4 Nd4 19. Qxd5 Rxd5 20. Rhe1
Ne6 21. g3 f6 22. Re3 h5 23. Rde1 Kd7 24. c3 h4 25. Nf3 hxg3 26. fxg3 c5 27. h4
Rd8 28. Kc2 Ke7 29. Ra1 a6 30. Nd2 Kf7 31. Rf3 Kg6 32. Ne4 Rc8 33. Raf1 Rc6 34.
Rf5 b5 35. g4 Rd8 36. h5+ Kh6 37. Rg1 Nf4 38. g5+ fxg5 39. Nxg5 Re8 40. Nf7+
Kh7 41. Rfg5 g6 42. Rxe5 Rxe5 43. Nxe5 Re6 44. hxg6+ Kg7 45. Rg5 b4 46. Rf5 Nd5
47. Kd2 bxc3+ 48. bxc3 Rb6 49. Nc4 1-0

[Event "II Festival A"]
[Site "Cortina d'Ampezzo ITA"]
[Date "2004.07.12"]
[Round "2"]
[White "Lazic, Miroljub"]
[Black "Zoldan, Matteo"]
[Result "1-0"]
[WhiteElo "2471"]
[BlackElo "2103"]
[PlyCount "79"]
[EventDate "2004.07.11"]

1. e4 c5 2. Nc3 Nc6 3. g3 g6 4. Bg2 Bg7 5. d3 d6 6. Be3 Nd4 7. Qd2 Nf6 8. h3
O-O 9. Nge2 e5 10. f4 exf4 11. Nxf4 Rb8 12. O-O b5 13. Rf2 b4 14. Nce2 Qb6 15.
Raf1 Bb7 16. g4 Nxe2+ 17. Nxe2 Nd7 18. Bh6 Rbe8 19. b3 Qd8 20. Bg5 Qb6 21. Kh1
Re5 22. Ng3 a5 23. Bf4 Ree8 24. Bh6 Qd8 25. Bg5 Qb6 26. Bf3 Bc3 27. Qc1 Bg7 28.
Rg2 Kh8 29. Bh6 Qd8 30. Rfg1 Bxh6 31. Qxh6 Qf6 32. Rf2 Qe7 33. Qd2 Qe5 34. Nf1
d5 35. exd5 Bxd5 36. Ng3 Bxf3+ 37. Rxf3 Nb6 38. Qf2 Re7 39. Ne4 Nd7 40. g5 1-0

[Event "II Festival A"]
[Site "Cortina d'Ampezzo ITA"]
[Date "2004.07.12"]
[Round "2"]
[White "Mariano, Elia"]
[Black "Drazic, Sinisa"]
[Result "0-1"]
[WhiteElo "2212"]
[BlackElo "2461"]
[PlyCount "62"]
[EventDate "2004.07.11"]

1. d4 g6 2. c4 Bg7 3. Nf3 d6 4. e4 Nd7 5. Nc3 e5 6. Be2 Ne7 7. O-O O-O 8. d5 h6
9. Rb1 a6 10. b4 f5 11. Nd2 Nf6 12. f3 f4 13. c5 g5 14. Nc4 Ng6 15. cxd6 cxd6
16. a4 Rf7 17. b5 h5 18. bxa6 bxa6 19. Ba3 Bf8 20. Nb6 Rb8 21. Nxc8 Rxc8 22.
Qd2 Qc7 23. Rfc1 g4 24. Kh1 Qa7 25. Nd1 Rxc1 26. Rxc1 Rg7 27. Qe1 h4 28. Qf2
Qd7 29. Rc6 g3 30. Qe1 h3 31. hxg3 hxg2+ 0-1

[Event "II Festival A"]
[Site "Cortina d'Ampezzo ITA"]
[Date "2004.07.12"]
[Round "2"]
[White "Miladinovic, Igor"]
[Black "Quaranta, Cristiano"]
[Result "1-0"]
[WhiteElo "2630"]
[BlackElo "2110"]
[PlyCount "67"]
[EventDate "2004.07.11"]

1. d4 Nf6 2. c4 c5 3. dxc5 e6 4. g3 Bxc5 5. Bg2 Nc6 6. Nc3 O-O 7. a3 a6 8. e3
Qc7 9. Nge2 Rb8 10. Nd4 b6 11. Nxc6 dxc6 12. O-O Bb7 13. Qc2 Rbd8 14. b4 Be7
15. c5 bxc5 16. bxc5 Bxc5 17. Rb1 a5 18. Ne4 Be7 19. Nc5 Bxc5 20. Qxc5 Ba6 21.
Re1 Bd3 22. Rb3 Be4 23. f3 Bd5 24. Rb2 a4 25. e4 Bb3 26. Bg5 Qd7 27. e5 h6 28.
Rd2 Bd5 29. Bh4 g5 30. exf6 gxh4 31. Rd4 hxg3 32. Rg4+ Kh8 33. Qc1 gxh2+ 34.
Kh1 1-0

[Event "II Festival A"]
[Site "Cortina d'Ampezzo ITA"]
[Date "2004.07.12"]
[Round "2"]
[White "Molina, Fabrizio"]
[Black "Efimov, Igor"]
[Result "1-0"]
[WhiteElo "2246"]
[BlackElo "2491"]
[PlyCount "57"]
[EventDate "2004.07.11"]

1. c4 Nf6 2. g3 c6 3. Bg2 d5 4. Nf3 dxc4 5. a4 g6 6. O-O Bg7 7. Na3 a5 8. Nxc4
Na6 9. d3 O-O 10. Bd2 Nb4 11. Bxb4 axb4 12. Qb3 c5 13. d4 cxd4 14. Rfd1 Qd5 15.
Qxb4 Ra6 16. Nb6 Qe6 17. Nxc8 Rxc8 18. Nxd4 Qb6 19. Qxb6 Rxb6 20. Nb5 h5 21.
Rac1 Rb8 22. b3 Ne8 23. Rd7 e6 24. e3 Be5 25. Rc5 Bd6 26. Nxd6 Rxd6 27. Rxd6
Nxd6 28. Rc7 Kf8 29. Rd7 1-0

[Event "II Festival A"]
[Site "Cortina d'Ampezzo ITA"]
[Date "2004.07.12"]
[Round "2"]
[White "Navarro, Stefano"]
[Black "Castaldo, Folco"]
[Result "1/2-1/2"]
[WhiteElo "2117"]
[BlackElo "2318"]
[PlyCount "52"]
[EventDate "2004.07.11"]

1. e4 d6 2. d4 Nf6 3. Nc3 g6 4. Bg5 Bg7 5. Qd2 h6 6. Bh4 g5 7. Bg3 Nh5 8. O-O-O
Nc6 9. Nge2 Bd7 10. f3 Nxg3 11. hxg3 e6 12. f4 Qf6 13. d5 Ne7 14. e5 dxe5 15.
d6 Nd5 16. Nxd5 exd5 17. dxc7 exf4 18. Qb4 a5 19. Qxb7 O-O 20. Nc3 Bc6 21. Qb6
fxg3 22. Nxd5 Bxd5 23. Qxf6 Bxf6 24. Rxd5 Kg7 25. Bc4 Rfc8 26. Rd7 Be5 1/2-1/2

[Event "II Festival A"]
[Site "Cortina d'Ampezzo ITA"]
[Date "2004.07.12"]
[Round "2"]
[White "Rago, Riccardo"]
[Black "Genocchio, Daniele"]
[Result "0-1"]
[WhiteElo "2128"]
[BlackElo "2353"]
[PlyCount "84"]
[EventDate "2004.07.11"]

1. e4 c5 2. Nf3 Nc6 3. Nc3 Nf6 4. d4 cxd4 5. Nxd4 e5 6. Ndb5 d6 7. Bg5 a6 8.
Na3 b5 9. Nd5 Be7 10. Bxf6 Bxf6 11. c3 Bg5 12. Nc2 Bb7 13. a4 bxa4 14. Rxa4 a5
15. Bb5 O-O 16. h4 Bh6 17. g4 Bf4 18. Qf3 Ne7 19. c4 Bxd5 20. exd5 f5 21. g5
Ng6 22. Ne3 e4 23. Qh3 Ne5 24. Nxf5 Nd3+ 25. Ke2 Bxg5 26. Qg4 Qf6 27. Qxg5
Qxb2+ 28. Qd2 Rxf5 29. Qxb2 Rxf2+ 30. Ke3 Rxb2 31. Rha1 Rf8 32. Rxa5 Rff2 33.
Ra8+ Kf7 34. Be8+ Kf6 35. Bh5 g6 36. Bg4 Ne5 37. Bd1 Nxc4+ 38. Kxe4 Nd2+ 39.
Kd4 Rb4+ 40. Ke3 Rh2 41. Re8 Nc4+ 42. Kd4 Nb6+ 0-1

[Event "II Festival A"]
[Site "Cortina d'Ampezzo ITA"]
[Date "2004.07.12"]
[Round "2"]
[White "Rombaldoni, Denis"]
[Black "Bellincampi, Stefano"]
[Result "1-0"]
[WhiteElo "2224"]
[BlackElo "2064"]
[PlyCount "63"]
[EventDate "2004.07.11"]

1. d4 Nf6 2. c4 e6 3. Nf3 d5 4. g3 dxc4 5. Bg2 Nc6 6. O-O Rb8 7. a4 Bd7 8. Nc3
Be7 9. e4 O-O 10. Qe2 Na5 11. Nd2 c6 12. Rd1 b5 13. axb5 cxb5 14. e5 Ne8 15. d5
exd5 16. Nxd5 Nc6 17. Nf1 Nc7 18. Nf6+ gxf6 19. Bxc6 Bxc6 20. Rxd8 Rfxd8 21.
Bh6 Kh8 22. Ne3 Rd3 23. Rxa7 Ne6 24. Rxe7 Nd4 25. Qh5 Nf3+ 26. Kf1 Nd2+ 27. Ke1
Nf3+ 28. Ke2 Rd2+ 29. Kf1 Rg8 30. exf6 Rg6 31. Rxf7 Rd8 32. Rxh7+ 1-0

[Event "II Festival A"]
[Site "Cortina d'Ampezzo ITA"]
[Date "2004.07.12"]
[Round "2"]
[White "Sanzani, Pierluigi"]
[Black "Gardi, Giuseppe"]
[Result "0-1"]
[WhiteElo "1955"]
[BlackElo "2061"]
[PlyCount "64"]
[EventDate "2004.07.11"]

1. e4 g6 2. d4 Bg7 3. Nc3 c6 4. Nf3 d5 5. e5 f6 6. h3 Nh6 7. Bf4 Nf7 8. Qe2 O-O
9. O-O-O fxe5 10. Nxe5 Nd7 11. Ng4 Re8 12. Qd2 e5 13. Nh6+ Nxh6 14. Bxh6 Bf6
15. dxe5 Nxe5 16. g4 b5 17. f4 Nf7 18. g5 Bh8 19. h4 Nxh6 20. gxh6 Qf6 21. Bd3
Bf5 22. Bxf5 gxf5 23. Rhg1+ Kf7 24. Rg5 d4 25. Qd3 Re3 26. Qd2 Rae8 27. Nb1 Qe6
28. Qg2 Re1 29. Rg7+ Kf8 30. c3 Rxd1+ 31. Kxd1 Qe1+ 32. Kc2 Re2+ 0-1

[Event "II Festival A"]
[Site "Cortina d'Ampezzo ITA"]
[Date "2004.07.12"]
[Round "2"]
[White "Sulava, Nenad"]
[Black "Logallo, Claudio"]
[Result "1-0"]
[WhiteElo "2482"]
[BlackElo "2017"]
[PlyCount "57"]
[EventDate "2004.07.11"]

1. d4 Nf6 2. c4 d6 3. Nf3 Nbd7 4. Nc3 g6 5. e4 e5 6. Be2 Bg7 7. O-O O-O 8. Be3
c6 9. d5 Qe7 10. Nd2 c5 11. Kh1 Ne8 12. g4 Nc7 13. Rg1 Rb8 14. Nb5 Nxb5 15.
cxb5 Nb6 16. a4 Bd7 17. b4 cxb4 18. Qb3 Rbd8 19. Qxb4 Kh8 20. Rac1 Be8 21. a5
Nc8 22. b6 axb6 23. axb6 f5 24. gxf5 gxf5 25. Rc7 Bd7 26. exf5 e4 27. Qxe4
Qxe4+ 28. Nxe4 Rxf5 29. Bg5 1-0

[Event "II Festival A"]
[Site "Cortina d'Ampezzo ITA"]
[Date "2004.07.12"]
[Round "2"]
[White "Tomba, Ivan"]
[Black "Bonafede, Alessandro"]
[Result "1-0"]
[WhiteElo "2292"]
[BlackElo "2107"]
[PlyCount "141"]
[EventDate "2004.07.11"]

1. e4 c5 2. Nf3 Nc6 3. d4 cxd4 4. Nxd4 Nf6 5. Nc3 e5 6. Ndb5 d6 7. Bg5 a6 8.
Na3 b5 9. Nd5 Be7 10. Bxf6 Bxf6 11. c3 Bg5 12. Nc2 Rb8 13. Be2 O-O 14. O-O a5
15. Qd3 Ne7 16. Nce3 Bxe3 17. Nxe3 Qb6 18. Bd1 a4 19. c4 Ba6 20. b3 Qd4 21. Be2
Nc6 22. Rfc1 bxc4 23. Nxc4 axb3 24. axb3 Qxd3 25. Bxd3 Bxc4 26. Bxc4 Nd4 27.
Rcb1 Rfc8 28. Kf1 g6 29. Bd5 Nb5 30. Rc1 Nc3 31. Ra6 Rc5 32. Rxd6 Nxe4 33. Rxc5
Nxc5 34. Rf6 Rf8 35. b4 Kg7 36. Rd6 Na4 37. Bb3 Nc3 38. Rc6 Nb5 39. Rc5 Nd4 40.
Bc4 f6 41. b5 Rb8 42. Ke1 Kf8 43. Kd2 Ke7 44. Rc7+ Kd6 45. Rxh7 Kc5 46. Rc7+
Kb4 47. Bd3 Nxb5 48. Rc6 Rd8 49. Ke3 Nc3 50. Bxg6 Rd4 51. g3 Nd1+ 52. Ke2 Nc3+
53. Kf3 e4+ 54. Kg2 Rd2 55. Re6 Kc5 56. Bxe4 Rd8 57. Bf3 Rf8 58. h4 Nb5 59.
Rc6+ Kb4 60. h5 Nd4 61. Rc1 Rh8 62. g4 f5 63. g5 Ne6 64. g6 Rh6 65. Kg3 Rh8 66.
Rc6 Nd4 67. g7 Rg8 68. h6 Nxc6 69. Bxc6 Kc5 70. Ba4 Kb4 71. Bd7 1-0

[Event "II Festival A"]
[Site "Cortina d'Ampezzo ITA"]
[Date "2004.07.12"]
[Round "2"]
[White "Vezzosi, Paolo"]
[Black "Ventura, Sergio"]
[Result "1-0"]
[WhiteElo "2350"]
[BlackElo "2175"]
[PlyCount "91"]
[EventDate "2004.07.11"]

1. d4 c5 2. d5 f5 3. g3 Nf6 4. Bg2 g6 5. Nc3 Bg7 6. Nf3 O-O 7. O-O b6 8. e4
fxe4 9. Ng5 Bb7 10. Ncxe4 Na6 11. c3 c4 12. Re1 Rc8 13. d6 Nxe4 14. Bxe4 Bxe4
15. Nxe4 e6 16. Bg5 Qe8 17. Qa4 Nc5 18. Qxc4 Qf7 19. Bf4 h6 20. h4 Nb7 21. Qd3
Qf5 22. Rad1 Qg4 23. Kg2 Qf5 24. f3 Kh7 25. Rh1 e5 26. Bc1 Rc6 27. g4 Qe6 28.
h5 Nc5 29. hxg6+ Kg8 30. Nxc5 Rxc5 31. Qe4 Qxa2 32. Kg3 Rf4 33. Bxf4 exf4+ 34.
Kh3 Re5 35. Qxf4 Qe6 36. Qf7+ Qxf7 37. gxf7+ Kxf7 38. Rhe1 Ke6 39. f4 Rxe1 40.
Rxe1+ Kxd6 41. Kh4 b5 42. Ra1 b4 43. Ra6+ Kd5 44. Rxa7 bxc3 45. bxc3 Kc6 46. c4
1-0

[Event "II Festival A"]
[Site "Cortina d'Ampezzo ITA"]
[Date "2004.07.12"]
[Round "2"]
[White "Xia, Jie"]
[Black "Qendro, Llambi"]
[Result "1/2-1/2"]
[WhiteElo "2126"]
[BlackElo "2343"]
[PlyCount "35"]
[EventDate "2004.07.11"]

1. e4 g6 2. d4 Bg7 3. g3 d5 4. e5 c5 5. c3 Nc6 6. Bg2 Nh6 7. Ne2 O-O 8. O-O Nf5
9. Na3 e6 10. Nc2 b6 11. Ne3 Nxe3 12. Bxe3 Ba6 13. Qd2 cxd4 14. cxd4 Qe7 15.
Rfc1 Rfc8 16. Bf1 Na5 17. b3 Bf8 18. Nf4 1/2-1/2

[Event "II Festival A"]
[Site "Cortina d'Ampezzo ITA"]
[Date "2004.07.13"]
[Round "3"]
[White "Ambrosi, Eleonora"]
[Black "Belloni, Umberto"]
[Result "1/2-1/2"]
[WhiteElo "2118"]
[BlackElo "1955"]
[PlyCount "133"]
[EventDate "2004.07.11"]

1. e4 e6 2. d4 d5 3. Nc3 dxe4 4. Nxe4 Nf6 5. Nxf6+ gxf6 6. Bf4 c5 7. dxc5 Qxd1+
8. Rxd1 Bxc5 9. Nf3 e5 10. Be3 Bxe3 11. fxe3 Be6 12. Kf2 Nd7 13. Bb5 Rd8 14. e4
Ke7 15. Bxd7 Rxd7 16. Rxd7+ Bxd7 17. c4 Be6 18. b3 a5 19. Ke3 Rd8 20. Rc1 Rd6
21. a4 Rc6 22. Ne1 f5 23. Nd3 f4+ 24. Kd2 f6 25. Kc3 b6 26. Rf1 Bf7 27. Re1 h5
28. h3 Be6 29. Re2 Bf7 30. Ne1 Be6 31. Nf3 Kd6 32. Rd2+ Ke7 33. Re2 Kd6 34.
Rd2+ Ke7 35. Nh4 Ke8 36. Rd1 Ke7 37. Ng6+ Kf7 38. Nh4 Ke7 39. Rd2 Ke8 40. Nf3
Ke7 41. Re2 Kd6 42. Ne1 Ke7 43. Nc2 Rc5 44. Na3 f5 45. exf5 Bxf5 46. Nb5 Be6
47. Kd3 Bf5+ 48. Kc3 Kf6 49. Nd6 Ke6 50. Nb5 Kf6 51. Nd6 Bg6 52. Rd2 Rc6 53. b4
Ke6 54. Nb7 Kf5 55. bxa5 bxa5 56. Rd5 Rc7 57. Nxa5 Bf7 58. Rd6 e4 59. Nc6 f3
60. gxf3 exf3 61. Kd3 Bxc4+ 62. Ke3 Bf1 63. Kxf3 Bxh3 64. a5 Kg5 65. a6 Bg4+
66. Ke3 Bc8 67. a7 1/2-1/2

[Event "II Festival A"]
[Site "Cortina d'Ampezzo ITA"]
[Date "2004.07.13"]
[Round "3"]
[White "Bellincampi, Stefano"]
[Black "Rago, Riccardo"]
[Result "1-0"]
[WhiteElo "2064"]
[BlackElo "2128"]
[PlyCount "61"]
[EventDate "2004.07.11"]

1. e4 c5 2. Nf3 Nc6 3. c3 e6 4. d4 cxd4 5. cxd4 d5 6. e5 Nge7 7. Be3 Nf5 8. Nc3
a6 9. Rc1 Bd7 10. Bd3 Nh4 11. Nxh4 Qxh4 12. g3 Qd8 13. Qd2 Qb6 14. Be2 Be7 15.
O-O O-O 16. Na4 Qa7 17. Nc5 b6 18. Nd3 Rac8 19. Nf4 Nb8 20. Nh5 Rxc1 21. Rxc1
Rc8 22. Bg5 Bc6 23. Bh6 g6 24. Nf6+ Kh8 25. Qf4 Qc7 26. Qh4 Rg8 27. Bg5 Rg7 28.
Ne8 Bxg5 29. Qxg5 Qd7 30. Nxg7 Kxg7 31. h4 1-0

[Event "II Festival A"]
[Site "Cortina d'Ampezzo ITA"]
[Date "2004.07.13"]
[Round "3"]
[White "Bonafede, Alessandro"]
[Black "D'Apa, Matteo"]
[Result "0-1"]
[WhiteElo "2107"]
[BlackElo "1939"]
[PlyCount "118"]
[EventDate "2004.07.11"]

1. e4 e5 2. Nf3 Nc6 3. Bb5 a6 4. Ba4 d6 5. c3 Bd7 6. O-O g6 7. Re1 Bg7 8. d3
Nge7 9. a3 O-O 10. Nbd2 h6 11. Nf1 Kh8 12. d4 f5 13. exf5 gxf5 14. Ng3 e4 15.
Nh4 Be8 16. f3 d5 17. fxe4 fxe4 18. Bxc6 bxc6 19. Be3 Qd7 20. Qe2 Ng6 21. Nxg6+
Bxg6 22. b4 a5 23. Reb1 Ra7 24. b5 Rb7 25. bxc6 Qxc6 26. Qd2 Kh7 27. Ne2 Rfb8
28. Qc2 Rxb1+ 29. Rxb1 Rxb1+ 30. Qxb1 Qc4 31. Qb2 Qd3 32. Kf2 Qc4 33. Nc1 a4
34. Qb4 Qxb4 35. cxb4 Be8 36. Na2 Bb5 37. Nc3 c6 38. Kg3 Kg6 39. Kf4 h5 40. Bf2
Bh6+ 41. Ke5 Bd2 42. Nxb5 cxb5 43. Bh4 Bc1 44. Kxd5 Bxa3 45. Kxe4 Bb2 46. Kd3
Kf5 47. Be1 Ke6 48. Bc3 Bxc3 49. Kxc3 Kd5 50. Kd3 h4 51. h3 a3 52. Kc3 a2 53.
Kb2 Kxd4 54. Kxa2 Ke3 55. Kb3 Kf2 56. Kc3 Kxg2 57. Kd4 Kxh3 58. Kc5 Kg2 59.
Kxb5 h3 0-1

[Event "II Festival A"]
[Site "Cortina d'Ampezzo ITA"]
[Date "2004.07.13"]
[Round "3"]
[White "Cacco, Christian"]
[Black "Kostic, Vladimir G."]
[Result "0-1"]
[WhiteElo "2282"]
[BlackElo "2390"]
[PlyCount "98"]
[EventDate "2004.07.11"]

1. d4 d5 2. Nf3 c5 3. c3 cxd4 4. cxd4 Nc6 5. Nc3 Nf6 6. g3 e6 7. Bg2 Be7 8. Qd3
O-O 9. O-O b6 10. Bf4 Bb7 11. Ne5 Nxe5 12. dxe5 Nd7 13. g4 Qb8 14. Qe3 Bc5 15.
Qg3 Bd4 16. e4 Bxc3 17. Qxc3 dxe4 18. b4 Bd5 19. Qd4 Rc8 20. Rac1 Qb7 21. Rfd1
Nf8 22. a3 Ng6 23. Bg3 h6 24. Qe3 Rxc1 25. Rxc1 Rc8 26. Rxc8+ Qxc8 27. Bxe4
Bxe4 28. Qxe4 Qc1+ 29. Kg2 Qxa3 30. h4 a5 31. Qa8+ Nf8 32. b5 Qc5 33. Qa6 Qc7
34. Qa8 Qc4 35. Qc6 Qxc6+ 36. bxc6 Ng6 37. c7 Ne7 38. f4 Nc8 39. Kf3 Kf8 40.
Ke4 Ke8 41. h5 Kd7 42. f5 exf5+ 43. gxf5 a4 44. Kd3 Ne7 45. e6+ fxe6 46. fxe6+
Kxe6 47. Kc4 Kd7 48. Kb4 Nd5+ 49. Kxa4 Nxc7 0-1

[Event "II Festival A"]
[Site "Cortina d'Ampezzo ITA"]
[Date "2004.07.13"]
[Round "3"]
[White "Castaldo, Folco"]
[Black "Miladinovic, Igor"]
[Result "1/2-1/2"]
[WhiteElo "2318"]
[BlackElo "2630"]
[PlyCount "126"]
[EventDate "2004.07.11"]

1. c4 e6 2. Nc3 d5 3. d4 Nf6 4. Nf3 Be7 5. Bg5 O-O 6. e3 h6 7. Bh4 Ne4 8. Bxe7
Qxe7 9. Rc1 Nxc3 10. Rxc3 c6 11. Bd3 Nd7 12. O-O dxc4 13. Bxc4 e5 14. Bb3 a5
15. dxe5 Nxe5 16. Nxe5 Qxe5 17. f4 Qe7 18. f5 Qf6 19. e4 a4 20. Bc2 Ra5 21. Qe1
Re8 22. Qf2 Rb5 23. Bd3 Rb4 24. a3 Rd4 25. Bc2 b6 26. Re1 Bd7 27. Rce3 Qe5 28.
g4 Rd8 29. Qg3 Qc5 30. Rc3 Rc4+ 31. Qe3 Qxe3+ 32. Rexe3 Rd4 33. h3 Kf8 34. e5
Ke7 35. Kf2 c5 36. Red3 Bb5 37. Rxd4 Rxd4 38. Ke3 Rd5 39. Kf4 Rd2 40. b3 Rf2+
41. Ke3 Rh2 42. Kf4 axb3 43. Bxb3 Bf1 44. Bc4 Bxc4 45. Rxc4 Rxh3 46. Ra4 Rd3
47. Ke4 Rd7 48. Ra6 c4 49. Rxb6 Rc7 50. Rb2 c3 51. Rc2 g6 52. a4 gxf5+ 53. gxf5
f6 54. exf6+ Kxf6 55. a5 h5 56. a6 h4 57. a7 Rxa7 58. Rxc3 Kg5 59. Kf3 Ra4 60.
Kg2 Rg4+ 61. Kh3 Rg3+ 62. Rxg3+ hxg3 63. Kxg3 Kxf5 1/2-1/2